| 000 | 00787naa a22002297u 4500 | ||
|---|---|---|---|
| 001 | 20598 | ||
| 003 | HDC | ||
| 007 | cr bn ---aaaaa | ||
| 008 | 210306t201003 xx 000 0 eng | ||
| 040 | _aHDC | ||
| 245 | 0 | _aWORLD OF HALAL 2010 RESCHEDULED | |
| 260 |
_a[No place] : _b[publisher not identified], _c2010 |
||
| 336 |
_atext _2rdacontent |
||
| 337 |
_acomputer _2rdamedia |
||
| 338 |
_aonline resource _2rdacarrier |
||
| 650 |
_aFood industry and trade _xReligious aspects _xIslam _9149 |
||
| 650 |
_aHalal food industry _vExhibitions _918567 |
||
| 856 | _zRequest full-text at [email protected] | ||
| 942 | _2lcc | ||
| 942 | _cEIJ | ||
| 942 | _kEMAG 000904 | ||
| 999 |
_c17914 _d17914 |
||